00475nam a22001697a 450000500170000001000130001702000110003003500120004103700180005308200080007110000550007924500520013424600490018625000090023526000300024430000310027420151106121204.0 aPUN-7781 c150.00 aPN-6899 aunistar books a850 aਕੁਮਾਰ,ਗੁਰਸ਼ਰਨ ਸਿੰਘ aਹੋੰਸਲੇ ਬੁਲੰਦ ਰੱਖੋ ahosle buland Rakhobby Gursharan Singh Kumar a2011 aChandigarhbUnistar Books aPg.96b22cmਸਜਿਲਦ